El plenario "Ruiz" de la Cámara Federal de Casación Penal. ¿La posibilidad de interponer Casación en la etapa preparatoria e intermedia es contraria a derecho? El primer paso para el nacimiento del Triple conforme / (Registro nro. 5623)
[ vista simple ]
| 000 -LEADER | |
|---|---|
| fixed length control field | 01569nab a22002657a 4500 |
| 003 - CONTROL NUMBER IDENTIFIER | |
| control field | OSt |
| 005 - DATE AND TIME OF LATEST TRANSACTION | |
| control field | 20251222232453.0 |
| 008 - FIXED-LENGTH DATA ELEMENTS--GENERAL INFORMATION | |
| fixed length control field | 190429b xxu||||| |||| 00| 0 spa d |
| 040 ## - CATALOGING SOURCE | |
| Transcribing agency | PJ |
| 100 ## - MAIN ENTRY--PERSONAL NAME | |
| 9 (RLIN) | 6597 |
| Personal name | Ortiz, Julio |
| 245 13 - TITLE STATEMENT | |
| Title | El plenario "Ruiz" de la Cámara Federal de Casación Penal. ¿La posibilidad de interponer Casación en la etapa preparatoria e intermedia es contraria a derecho? El primer paso para el nacimiento del Triple conforme / |
| Statement of responsibility, etc | Julio Ortiz. |
| 260 ## - PUBLICATION, DISTRIBUTION, ETC. (IMPRINT) | |
| Date of publication, distribution, etc | Ciudad Autónoma de Buenos Aires : |
| Place of publication, distribution, etc | Thomson Reuters La Ley, |
| Name of publisher, distributor, etc | 2025. |
| 300 ## - PHYSICAL DESCRIPTION | |
| Extent | p. 104-109 |
| 500 ## - GENERAL NOTE | |
| General note | Cita: TR LALEY AR/DOC/2855/2025. |
| 505 ## - FORMATTED CONTENTS NOTE | |
| Formatted contents note | Sumario: I. Introducción.— II. Matices del modelo acusatorio en el nuevo Cód. Proc. Penal Federal.— III. El derecho al recurso en el Cód. Proc. Penal Federal.— IV. El problema de carácter normativo.— V. El plenario "Roque Ruiz" de la CFCP y el fallo "Chacón" de la CS.— VI. Opinión personal y conclusión.— VII. Bibliografía. |
| 505 ## - FORMATTED CONTENTS NOTE | |
| Formatted contents note | Fallo comentado: CFCasación Penal, en pleno ~ 28/05/2024 ~ Ruiz, Roque y otro s/ impugnación. |
| 505 ## - FORMATTED CONTENTS NOTE | |
| Title | Si te interesa el texto completo, solicitalo a koha@justierradelfuego.gov.ar |
| 650 #0 - SUBJECT ADDED ENTRY--TOPICAL TERM | |
| 9 (RLIN) | 343 |
| Topical term or geographic name as entry element | DERECHO PENAL |
| 650 #0 - SUBJECT ADDED ENTRY--TOPICAL TERM | |
| 9 (RLIN) | 2348 |
| Topical term or geographic name as entry element | PROCESO PENAL |
| 650 #0 - SUBJECT ADDED ENTRY--TOPICAL TERM | |
| 9 (RLIN) | 2107 |
| Topical term or geographic name as entry element | RECURSO DE CASACION |
| 650 #0 - SUBJECT ADDED ENTRY--TOPICAL TERM | |
| 9 (RLIN) | 5972 |
| Topical term or geographic name as entry element | DERECHO AL RECURSO |
| 650 #0 - SUBJECT ADDED ENTRY--TOPICAL TERM | |
| 9 (RLIN) | 2716 |
| Topical term or geographic name as entry element | INSTRUCCIÓN |
| 773 0# - HOST ITEM ENTRY | |
| Host Biblionumber | 2658 |
| Host Itemnumber | 3164 |
| Title | Revista de derecho penal y criminología. Nº 11 - Diciembre 2025 |
| Place, publisher, and date of publication | Ciudad Autónoma de Buenos Aires : Thomson Reuters La Ley, 2017- |
| International Standard Serial Number | 00347914 |
| 942 ## - ADDED ENTRY ELEMENTS (KOHA) | |
| Source of classification or shelving scheme | |
| Koha item type | Analítica Artículo de Revista |
No hay ítems disponibles.
